Geography Quiz

Random Geography or State Quiz

Biggest Cities in Small States Quiz Stats

Quiz not verified by Sporcle

Score 0/30 Timer 20:00
0 Plays Today
City Rank City % Correct
26Portland (Oregon)
90.8%
66Anchorage (Alaska)
90.8%
28Las Vegas (Nevada)
89.2%
55Honolulu (Hawaii)
89.2%
32Albuquerque (New Mexico)
87.7%
44Omaha (Nebraska)
87.7%
27Oklahoma City (Oklahoma)
86.2%
99Boise (Idaho)
86.2%
102Des Moines (Iowa)
86.2%
19Denver (Colorado)
84.6%
46Minneapolis (Minnesota)
84.6%
123Salt Lake City (Utah)
84.6%
47Tulsa (Oklahoma)
83.1%
64St. Paul (Minnesota)
83.1%
117Little Rock (Arkansas)
80%
City Rank City % Correct
40Colorado Springs (Colorado)
78.5%
49New Orleans (Louisiana)
78.5%
71Lincoln (Nebraska)
78.5%
104Birmingham (Alabama)
78.5%
29Louisville (Kentucky)
76.9%
50Wichita (Kansas)
75.4%
87Reno (Nevada)
75.4%
54Aurora (Colorado)
73.8%
97Baton Rouge (Louisiana)
73.8%
60Lexington (Kentucky)
69.2%
115Montgomery (Alabama)
67.7%
90North Las Vegas (Nevada)
66.2%
67Henderson (Nevada)
61.5%
122Shreveport (Louisiana)
53.8%
21Washington D.C.
47.7%

You're not logged in!

Compare scores with friends on all Sporcle quizzes.
Join for Free
OR
Log In

You Might Also Like...

Show Comments

Extras

Top Quizzes Today


Score Distribution

Your Account Isn't Verified!

In order to create a playlist on Sporcle, you need to verify the email address you used during registration. Go to your Sporcle Settings to finish the process.

Report this User

Report this user for behavior that violates our Community Guidelines.

Details: